[Event "Horst Emscher 2- Mülheim Nord 4"]
[Site "?"]
[Date "2023.09.03"]
[Round "1.2"]
[White "Konietzka, Bernd"]
[Black "Post, Ralf"]
[Result "1/2-1/2"]
[WhiteElo "1892"]
[BlackElo "1772"]
[PlyCount "53"]
[SourceDate "2023.09.13"]

1. e4 e6 2. Nf3 d5 3. exd5 exd5 4. d4 Bd6 5. Bd3 Ne7 6. Bg5 f6 7. Be3 Bf5 8.
Nc3 c6 9. Ne2 Qd7 10. c3 O-O 11. Qc2 Na6 12. Ng3 Bxd3 13. Qxd3 Nc7 14. Ne2 Nf5
15. O-O Rfe8 16. Bf4 Re7 17. Bxd6 Nxd6 18. Ng3 Rae8 19. Rae1 Ne6 20. Nf5 Nxf5
21. Qxf5 Nf8 22. Qxd7 Nxd7 23. Rxe7 Rxe7 24. Re1 Kf7 25. Kf1 Nb6 26. b3 Nc8 27.
Rxe7+ 1/2-1/2

[Event "Horst Emscher 2- Mülheim Nord 4"]
[Site "?"]
[Date "2023.09.03"]
[Round "1.3"]
[White "Schlefers, Florian"]
[Black "Raabe, Stefan"]
[Result "1/2-1/2"]
[WhiteElo "1702"]
[BlackElo "1894"]
[PlyCount "39"]
[SourceDate "2023.09.13"]

1. e4 c5 2. c3 d5 3. exd5 Qxd5 4. d4 e6 5. Nf3 Nc6 6. Na3 a6 7. Nc4 Qd8 8. Be3
cxd4 9. Nxd4 Bd7 10. Nxc6 Bxc6 11. Qxd8+ Rxd8 12. Rd1 Rxd1+ 13. Kxd1 Nf6 14. f3
Nd5 15. Bd2 Bc5 16. Ne5 Bd7 17. Nxd7 Kxd7 18. c4 Ne3+ 19. Bxe3 Bxe3 20. Kc2
1/2-1/2

[Event "Horst Emscher 2- Mülheim Nord 4"]
[Site "?"]
[Date "2023.09.03"]
[Round "1.4"]
[White "Schorra, Helmut"]
[Black "Cordes, Malte"]
[Result "1/2-1/2"]
[WhiteElo "1996"]
[BlackElo "1811"]
[PlyCount "90"]
[SourceDate "2023.09.13"]

1. Nf3 Nf6 2. c4 g6 3. d4 Bg7 4. g3 d6 5. Bg2 O-O 6. O-O Nbd7 7. Nc3 c6 8. e4
Qc7 9. h3 e5 10. Be3 Nh5 11. b3 Re8 12. Re1 Nf8 13. Rc1 b6 14. b4 a5 15. b5 c5
16. Nd5 Qb8 17. dxe5 dxe5 18. Qd2 Ne6 19. Nh2 Nd4 20. Bh6 Qd6 21. Bxg7 Kxg7 22.
Qe3 Be6 23. Ng4 Bxg4 24. hxg4 Nf6 25. g5 Nxd5 26. exd5 Ra7 27. Be4 f5 28. gxf6+
Qxf6 29. Kg2 h6 30. Rh1 g5 31. Rxh6 Qxh6 32. Rh1 Qxh1+ 33. Kxh1 Rh8+ 34. Kg2
Kf6 35. Bd3 Rh6 36. f4 gxf4 37. gxf4 Rg7+ 38. Kf2 Rh2+ 39. Ke1 Rh1+ 40. Kd2
Rgg1 41. Qxe5+ Kf7 42. Qc7+ Kg8 43. Qd8+ Kf7 44. Qc7+ Kf8 45. Qd8+ Kf7 1/2-1/2

[Event "Horst Emscher 2- Mülheim Nord 4"]
[Site "?"]
[Date "2023.09.03"]
[Round "1.5"]
[White "Roth, Jan"]
[Black "Rydzewski, Klaus"]
[Result "1/2-1/2"]
[WhiteElo "1702"]
[BlackElo "1945"]
[PlyCount "79"]
[SourceDate "2023.09.13"]

1. e4 e6 2. d4 d5 3. e5 c5 4. c3 Bd7 5. Nf3 Qb6 6. Be2 Bb5 7. O-O Bxe2 8. Qxe2
cxd4 9. cxd4 Nc6 10. Nc3 Nge7 11. Be3 Rc8 12. Rac1 Nf5 13. Rfd1 Be7 14. Qb5
Qxb5 15. Nxb5 a6 16. Nc3 b5 17. Bf4 Kd7 18. g4 Nh4 19. Nxh4 Bxh4 20. Be3 Be7
21. Kf1 Na5 22. a4 Nb3 23. Rb1 b4 24. Ne2 Rc2 25. Nc1 Na5 26. b3 Rhc8 27. h3 h6
28. Ne2 Bg5 29. Rd3 Bxe3 30. Rxe3 Ra2 31. Nc1 Rd2 32. Ne2 Rcc2 33. Ke1 Rb2 34.
Rxb2 Rxb2 35. Nc1 Rc2 36. Ne2 Rb2 37. Nc1 f6 38. f4 fxe5 39. fxe5 Nc6 40. Ne2
1/2-1/2

[Event "Horst Emscher 2- Mülheim Nord 4"]
[Site "?"]
[Date "2023.09.03"]
[Round "1.6"]
[White "Verfuerth, Christian"]
[Black "Roth, Christian"]
[Result "1-0"]
[WhiteElo "1851"]
[BlackElo "1678"]
[PlyCount "41"]
[SourceDate "2023.09.13"]

1. d4 d5 2. Nf3 c6 3. c4 Nf6 4. e3 Nbd7 5. Nc3 e6 6. Bd3 dxc4 7. Bxc4 b5 8. Be2
Bb4 9. O-O Qa5 10. Bd2 Nd5 11. Qc2 Bxc3 12. bxc3 Qc7 13. c4 bxc4 14. Bxc4 N7b6
15. Bd3 f6 16. Bxh7 f5 17. Bg6+ Kd8 18. Ne5 Bd7 19. e4 fxe4 20. Nf7+ Ke7 21.
Bg5+ 1-0

[Event "Horst Emscher 2- Mülheim Nord 4"]
[Site "?"]
[Date "2023.09.03"]
[Round "1.7"]
[White "Zaika, Konstantin"]
[Black "Rohsiepe, Sebastian"]
[Result "1-0"]
[WhiteElo "1344"]
[BlackElo "1655"]
[PlyCount "71"]
[SourceDate "2023.09.13"]

1. e4 e5 2. Nf3 Nc6 3. Bc4 Bc5 4. Nc3 Nf6 5. d3 h6 6. h3 O-O 7. O-O Re8 8. Be3
Bxe3 9. fxe3 Na5 10. Bb3 Nxb3 11. axb3 c6 12. Re1 d6 13. d4 exd4 14. exd4 b5
15. e5 dxe5 16. dxe5 Nh7 17. Qd4 Nf8 18. Qc5 Qd7 19. Red1 Ne6 20. Rxd7 Nxc5 21.
Rdxa7 Rxa7 22. Rxa7 Bf5 23. b4 Ne4 24. Nd4 Nxc3 25. bxc3 Rxe5 26. Nxc6 Re1+ 27.
Kf2 Rc1 28. Ne7+ Kh7 29. Nxf5 Rxc2+ 30. Kg1 Rxc3 31. Rb7 Kg6 32. Rxb5 Rb3 33.
Nd4 Rd3 34. Nf3 Rb3 35. Rb6+ Kf5 36. Nd4+ 1-0

[Event "Horst Emscher 2- Mülheim Nord 4"]
[Site "?"]
[Date "2023.09.03"]
[Round "1.8"]
[White "Schreiner, Paulo"]
[Black "Hausrath, Frederick"]
[Result "1-0"]
[WhiteElo "1786"]
[BlackElo "1090"]
[PlyCount "25"]
[SourceDate "2023.09.13"]

1. d4 d5 2. c4 dxc4 3. e4 Nc6 4. Nf3 Bg4 5. Bxc4 Bxf3 6. Qxf3 e6 7. O-O Nxd4 8.
Qc3 Nf6 9. Be3 Nc6 10. Bb5 Qd6 11. e5 Qd5 12. Bxc6+ bxc6 13. exf6 1-0

[Event "Eichlinghofen 2- Mengede"]
[Site "?"]
[Date "2023.09.03"]
[Round "1.1"]
[White "Borgschulze, Maik"]
[Black "Zachos, Ingo"]
[Result "1/2-1/2"]
[WhiteElo "2081"]
[BlackElo "2004"]
[PlyCount "30"]
[SourceDate "2023.09.13"]

1. d4 Nf6 2. c4 g6 3. Nc3 Bg7 4. e4 d6 5. Nf3 O-O 6. Be2 Nbd7 7. O-O e5 8. Re1
Re8 9. Bf1 a6 10. d5 a5 11. b3 Nc5 12. a3 Bd7 13. Rb1 a4 14. b4 Nb3 15. Be3 Ng4
1/2-1/2

[Event "Eichlinghofen 2- Mengede"]
[Site "?"]
[Date "2023.09.03"]
[Round "1.2"]
[White "Behle, Burkhard"]
[Black "Delvos, Thorsten"]
[Result "1/2-1/2"]
[WhiteElo "1824"]
[BlackElo "1994"]
[PlyCount "37"]
[SourceDate "2023.09.13"]

1. c4 e5 2. Nc3 Nf6 3. g3 c6 4. Nf3 d6 5. d3 Be7 6. Bg2 O-O 7. O-O h6 8. h3 Be6
9. e4 Nbd7 10. Qe2 d5 11. cxd5 cxd5 12. exd5 Nxd5 13. Nxd5 Bxd5 14. Nxe5 Bxg2
15. Kxg2 Bf6 16. Ng4 Bd4 17. Be3 Nc5 18. Bxd4 Qxd4 19. Qe5 1/2-1/2

[Event "Eichlinghofen 2- Mengede"]
[Site "?"]
[Date "2023.09.03"]
[Round "1.5"]
[White "Kraus, Reinhard"]
[Black "Guddat, Joern"]
[Result "1/2-1/2"]
[WhiteElo "1805"]
[BlackElo "1697"]
[PlyCount "53"]
[SourceDate "2023.09.13"]

1. e4 e6 2. Nf3 d5 3. exd5 exd5 4. d4 Nc6 5. Be2 Bd6 6. Bg5 Nge7 7. Nc3 f6 8.
Be3 Bg4 9. Nh4 Bxe2 10. Qxe2 O-O 11. a3 Na5 12. O-O c6 13. b3 Qc7 14. g3 Qd7
15. Qd3 f5 16. f4 Rae8 17. Nf3 Ng6 18. Ne5 Qe6 19. Rfe1 Bxe5 20. dxe5 b6 21. b4
Nc4 22. Ne2 Qc8 23. b5 Nxe3 24. Qxe3 c5 25. c3 Rd8 26. Red1 Rfe8 27. a4 1/2-1/2

[Event "Eichlinghofen 2- Mengede"]
[Site "?"]
[Date "2023.09.03"]
[Round "1.6"]
[White "Buechle, Manfred"]
[Black "Weinert, Christian"]
[Result "1/2-1/2"]
[WhiteElo "1695"]
[BlackElo "1894"]
[PlyCount "45"]
[SourceDate "2023.09.13"]

1. e4 b6 2. d4 Bb7 3. Nc3 e6 4. f4 Nf6 5. e5 Ne4 6. Nxe4 Bxe4 7. Nf3 h6 8. Bd3
Bxd3 9. Qxd3 d5 10. exd6 Bxd6 11. O-O c5 12. Be3 cxd4 13. Bxd4 Bc5 14. Qe4 Nd7
15. Rad1 Qc8 16. f5 Bxd4+ 17. Nxd4 Nc5 18. Qg4 O-O 19. b4 e5 20. bxc5 Qxc5 21.
Rf2 exd4 22. Qxd4 Qxd4 23. Rxd4 1/2-1/2

[Event "Eichlinghofen 2- Mengede"]
[Site "?"]
[Date "2023.09.03"]
[Round "1.7"]
[White "Ropel, Dennis"]
[Black "Lenz, Helmut"]
[Result "0-1"]
[WhiteElo "1773"]
[BlackElo "1965"]
[PlyCount "70"]
[SourceDate "2023.09.13"]

1. d4 e6 2. Nf3 f5 3. Bf4 Nf6 4. e3 d5 5. Bd3 Bd6 6. c3 O-O 7. Nbd2 Ne4 8. h4
c5 9. Bxd6 Qxd6 10. Ne5 Nc6 11. Bxe4 fxe4 12. f4 Nxe5 13. dxe5 Qd8 14. Qc2 b5
15. a4 Rb8 16. axb5 Rxb5 17. Rxa7 Qb6 18. Ra2 Ba6 19. O-O Ra5 20. Rxa5 Qxa5 21.
c4 Qb4 22. Rc1 d4 23. Nxe4 dxe3 24. g3 Bb7 25. Ng5 g6 26. Qe2 Qb6 27. Rf1 Rd8
28. Qxe3 Qxb2 29. Nf3 Qc2 30. Rc1 Qb2 31. Ne1 Rd2 32. Rb1 Rg2+ 33. Kf1 Qxb1 34.
Qxc5 Rxg3 35. Kf2 Rh3 0-1

[Event "Eichlinghofen 2- Mengede"]
[Site "?"]
[Date "2023.09.03"]
[Round "1.8"]
[White "Bilau, Max"]
[Black "Volmer, Martin"]
[Result "1-0"]
[WhiteElo "1625"]
[BlackElo "1520"]
[PlyCount "69"]
[SourceDate "2023.09.13"]

1. d4 d5 2. Nc3 Nf6 3. Bf4 e6 4. Nb5 Bd6 5. Nxd6+ cxd6 6. e3 Nc6 7. c3 O-O 8.
Bg5 Re8 9. Bd3 h6 10. Bh4 e5 11. Ne2 e4 12. Bc2 g5 13. Bg3 Bg4 14. h3 Bh5 15.
h4 Ne7 16. hxg5 hxg5 17. Qd2 Nf5 18. Bh2 Qd7 19. O-O-O b5 20. Rdf1 Bg6 21. Kb1
a5 22. Ng1 Qe7 23. Nh3 Nd7 24. Qe2 b4 25. c4 dxc4 26. Qxc4 Rec8 27. Qe2 f6 28.
Bb3+ Kg7 29. Rc1 Nb6 30. Rxc8 Rxc8 31. Qa6 Qc7 32. Qxa5 Nh4 33. Qxb4 Nxg2 34.
Bxd6 Qc6 35. Nxg5 1-0

[Event "Eichlinghofen 2- Mengede"]
[Site "?"]
[Date "2023.09.03"]
[Round "1.3"]
[White "Echargui, Amin"]
[Black "Dekhtyaryuk, Dimitri"]
[Result "1-0"]
[WhiteElo "1820"]
[BlackElo "1813"]
[PlyCount "85"]
[SourceDate "2023.09.13"]

1. e4 d5 2. exd5 Nf6 3. d4 Bg4 4. Be2 Bxe2 5. Qxe2 Qxd5 6. Nf3 Nc6 7. c4 Qf5 8.
O-O O-O-O 9. d5 Nb4 10. Na3 Qd3 11. Qe1 Nc2 12. Nxc2 Qxc2 13. Ne5 Re8 14. Qa5
Kb8 15. Be3 a6 16. Nc6+ Kc8 17. Bf4 e5 18. Bxe5 Bd6 19. Bxd6 cxd6 20. Rac1 Qf5
21. Nd4 Qf4 22. Nb5 Re7 23. g3 Qg4 24. Qb6 Rd7 25. Na7+ Kb8 26. Nc6+ Kc8 27.
Qa7 bxc6 28. Qxa6+ Kd8 29. Qa8+ Kc7 30. Qxc6+ Kd8 31. Qb6+ Rc7 32. Qxd6+ Qd7
33. Qb6 Ke8 34. Rfe1+ Kf8 35. Qb4+ Kg8 36. d6 Rb7 37. Qa3 Rb8 38. c5 Rd8 39. c6
Qc8 40. d7 Qc7 41. Qe7 h6 42. Qxd8+ Qxd8 43. c7 1-0

[Event "Eichlinghofen 2- Mengede"]
[Site "?"]
[Date "2023.09.03"]
[Round "1.4"]
[White "Milkert, Sascha"]
[Black "Bork, Sophie"]
[Result "0-1"]
[WhiteElo "1753"]
[BlackElo "1820"]
[PlyCount "70"]
[SourceDate "2023.09.13"]

1. d4 d5 2. Bf4 c5 3. e3 Nf6 4. c3 Qb6 5. b3 cxd4 6. Qxd4 Qxd4 7. exd4 Bf5 8.
Bb5+ Nbd7 9. Ne2 a6 10. Ng3 Bg6 11. Be2 Rc8 12. O-O e6 13. c4 Bb4 14. c5 Ba5
15. Rc1 Bc7 16. Bxc7 Rxc7 17. a4 Nb8 18. Nc3 O-O 19. Nb5 axb5 20. axb5 Nfd7 21.
Ra7 Rfc8 22. Rca1 Nf8 23. b4 f6 24. h3 Bf7 25. Kh2 g6 26. b6 Rd7 27. b5 e5 28.
c6 bxc6 29. b7 Rcd8 30. b6 exd4 31. Nf1 Re8 32. Bd3 Ree7 33. Ra8 Rxb7 34. R1a7
Red7 35. Rxb7 Rxb7 0-1

[Event "SV Kamen 2 - SV Erkenschwick 3"]
[Site "Verbandsklasse, Gr. 2 2023/20"]
[Date "2023.09.03"]
[Round "1.1"]
[White "Riechenberg, Sebastian"]
[Black "Bui, Hoan Tam"]
[Result "1/2-1/2"]
[WhiteElo "1899"]
[BlackElo "1957"]
[PlyCount "89"]
[EventDate "2023.??.??"]
[SourceDate "2023.09.13"]
[WhiteTeam "SV Erkenschwick 3"]
[BlackTeam "SV Kamen 2"]

1. d4 d5 2. c4 e6 3. Nc3 a6 {(=)} 4. e4 dxe4 5. Nxe4 Bb4+ 6. Nc3 c5 7. Be3 Ne7
8. Nf3 Nf5 9. d5 Nxe3 10. fxe3 exd5 11. cxd5 O-O 12. Bd3 Re8 13. O-O Bxc3 14.
bxc3 Rxe3 15. Qc2 g6 16. Qf2 Qe8 17. Rae1 Rxe1 18. Rxe1 Qf8 19. Ng5 h6 20. Ne4
Nd7 21. Qf4 f5 22. Nd2 Nf6 23. Qc7 Bd7 24. Qxb7 Qb8 25. Rb1 Bb5 26. Qe7 Qe8 27.
Qxe8+ Rxe8 28. Bxb5 axb5 29. Rxb5 Nxd5 30. Rxc5 Rd8 31. Nf3 Ne3 32. a4 Ng4 33.
Kf1 Rd1+ 34. Ke2 Ra1 35. a5 Kf7 36. Ne5+ Nxe5 37. Rxe5 Kf6 38. Rd5 Ke6 39. c4
Ra2+ 40. Kf3 Ra4 41. Rb5 Rxc4 42. Rb6+ Kf7 43. Ke3 Ra4 44. a6 h5 45. Kf3
1/2-1/2

[Event "SV Kamen 2 - SV Erkenschwick 3"]
[Site "Verbandsklasse, Gr. 2 2023/20"]
[Date "2023.09.03"]
[Round "1.2"]
[White "Zeitz, Max"]
[Black "Schwitkowski, Luka"]
[Result "0-1"]
[WhiteElo "1792"]
[BlackElo "1880"]
[PlyCount "96"]
[EventDate "2023.??.??"]
[SourceDate "2023.09.13"]
[WhiteTeam "SV Kamen 2"]
[BlackTeam "SV Erkenschwick 3"]

1. e4 c5 2. c3 Nf6 3. e5 Nd5 4. Nf3 Nc6 5. Bc4 Nb6 6. Bb3 d5 7. d4 cxd4 8. cxd4
Bg4 9. Be3 e6 10. O-O Be7 11. Nbd2 O-O 12. h3 Bh5 13. a3 Rc8 14. Rc1 Qd7 15.
Ba4 Nxa4 16. Qxa4 Bxf3 17. Nxf3 Nxe5 18. Qxd7 Nxd7 19. Rxc8 Rxc8 20. Rc1 Rxc1+
21. Bxc1 f6 22. Kf1 Kf7 23. Ke2 Bd6 24. g4 g5 25. h4 Bf4 26. Be3 h6 27. Bxf4
gxf4 28. b3 Nb8 29. g5 hxg5 30. hxg5 Nc6 31. gxf6 Kxf6 32. Kd3 e5 33. dxe5+
Nxe5+ 34. Nxe5 Kxe5 35. f3 b5 36. Kc3 d4+ 37. Kc2 Kd5 38. Kd2 a5 39. Kd3 Kc5
40. Kd2 a4 41. Kc2 axb3+ 42. Kxb3 Kb6 43. a4 Ka5 44. axb5 Kxb5 45. Kc2 Kc4 46.
Kd2 d3 47. Kd1 Kd5 48. Kc1 Kc5 0-1

[Event "SV Kamen 2 - SV Erkenschwick 3"]
[Site "Verbandsklasse, Gr. 2 2023/20"]
[Date "2023.09.03"]
[Round "1.3"]
[White "Strohmann, Marcel"]
[Black "Koch, Marcel"]
[Result "1-0"]
[WhiteElo "1848"]
[BlackElo "1892"]
[PlyCount "71"]
[EventDate "2023.??.??"]
[SourceDate "2023.09.13"]
[WhiteTeam "SV Erkenschwick 3"]
[BlackTeam "SV Kamen 2"]

1. e4 d5 2. exd5 Qxd5 3. Nf3 Bg4 4. Be2 Nf6 5. d4 e6 6. O-O Nc6 7. Nc3 Qh5 8.
Bf4 O-O-O 9. h3 Bd6 10. hxg4 Nxg4 11. Ne5 f5 12. Bxg4 fxg4 13. Nxc6 Bxf4 14. g3
Qh3 15. Ne2 e5 16. Nxd8 Rxd8 17. Qd3 Bh6 18. Qf5+ Kb8 19. dxe5 g6 20. Qf6 Re8
21. Qh4 Qxh4 22. gxh4 Rxe5 23. Rad1 b6 24. Ng3 Bf4 25. Rfe1 Ra5 26. a3 Bd6 27.
Rd3 h5 28. b4 Ra4 29. Re6 a5 30. Ne4 axb4 31. Nxd6 bxa3 32. Re8+ Ka7 33. Nb5+
Ka6 34. Rxa3 Kxb5 35. Rxa4 Kxa4 36. Kf1 1-0

[Event "SV Kamen 2 - SV Erkenschwick 3"]
[Site "Verbandsklasse, Gr. 2 2023/20"]
[Date "2023.09.03"]
[Round "1.4"]
[White "Rickert, Dirk"]
[Black "Schulze Bisping, Franz-Adolf"]
[Result "0-1"]
[WhiteElo "1877"]
[BlackElo "1840"]
[PlyCount "102"]
[EventDate "2023.??.??"]
[SourceDate "2023.09.13"]
[WhiteTeam "SV Kamen 2"]
[BlackTeam "SV Erkenschwick 3"]

1. d4 e6 2. Bf4 f5 3. Nc3 Nf6 4. e3 b6 5. Nf3 Bb7 6. Be2 Be7 7. Ne5 O-O 8. Bf3
d5 9. h3 Nfd7 10. Qd2 Nxe5 11. Bxe5 Bf6 12. Bh2 Qd7 13. Ne2 Nc6 14. Nf4 Rac8
15. O-O Ne7 16. c3 c5 17. Nd3 Ng6 18. Bh5 {(=)} Ba6 19. Rfd1 Nh8 20. Nf4 Nf7
21. Bf3 Ng5 22. Kh1 Qf7 23. Rg1 Be7 24. Bg3 Kh8 25. Bh5 g6 26. Bf3 Nxf3 27.
gxf3 g5 28. Ng2 Qh5 29. Be5+ Bf6 30. h4 Qxf3 31. Kh2 Bxe5+ 32. dxe5 Qh5 33. e4
fxe4 34. Qxg5 Qxg5 35. hxg5 Rxf2 36. Kg3 Rcf8 37. Nh4 Kg7 38. b3 Bf1 39. Re1
Bd3 40. Ng2 R8f3+ 41. Kh4 Bf1 42. Ne3 Rf4+ 43. Rg4 Be2 44. Rxf4 Rxf4+ 45. Kg3
Rf3+ 46. Kg2 Rxe3 47. Kf2 Rxc3 48. Rxe2 Rf3+ 49. Kg2 Rf5 50. b4 Rxg5+ 51. Kh3
Rxe5 0-1

[Event "SV Kamen 2 - SV Erkenschwick 3"]
[Site "Verbandsklasse, Gr. 2 2023/20"]
[Date "2023.09.03"]
[Round "1.6"]
[White "Rickert, Kurt"]
[Black "Schicktanz, Florian"]
[Result "1/2-1/2"]
[WhiteElo "1742"]
[BlackElo "1725"]
[PlyCount "112"]
[EventDate "2023.??.??"]
[SourceDate "2023.09.13"]
[WhiteTeam "SV Kamen 2"]
[BlackTeam "SV Erkenschwick 3"]

1. e4 c5 2. Nf3 Nc6 3. Bc4 g6 4. c3 d6 5. O-O Bg7 6. d4 cxd4 7. cxd4 Nf6 8. Nc3
O-O 9. h3 e5 10. Bg5 h6 11. Be3 exd4 12. Nxd4 Ne5 13. Be2 a6 14. Rc1 Bd7 15.
Qd2 Kh7 16. Rfd1 b5 17. a3 Nc4 18. Bxc4 bxc4 19. Nde2 Bc6 20. f3 Ne8 21. Bd4
Bf6 22. Bxf6 Qxf6 23. Qd4 Qxd4+ 24. Rxd4 Rb8 25. Rxc4 Bd7 26. b4 f5 27. Rd4 Rf7
28. Rcd1 Bc6 29. exf5 Rxf5 30. Ng3 Re5 31. Nge4 Rd8 32. Nxd6 Re3 33. Nxe8 Rxd4
34. Rxd4 Rxc3 35. Nf6+ Kg7 36. Rd6 Bb5 37. Ne4 Rxa3 38. Nc5 Ra1+ 39. Kf2 Ra2+
40. Kg3 Bf1 41. Kf4 Rxg2 42. Nxa6 Bxa6 43. Rxa6 Rh2 44. Kg3 Rb2 45. Rb6 Kf7 46.
b5 Rb4 47. Rb8 Kf6 48. b6 Kg5 49. b7 Kh5 50. h4 Rb1 51. Rc8 Rxb7 52. Rc5+ g5
53. hxg5 hxg5 54. f4 Rb3+ 55. Kf2 Kg4 56. fxg5 Rb6 1/2-1/2

[Event "SV Kamen 2 - SV Erkenschwick 3"]
[Site "Verbandsklasse, Gr. 2 2023/20"]
[Date "2023.09.03"]
[Round "1.7"]
[White "Steinke, Hans-JÃ¶rg"]
[Black "Püttmann, Luca"]
[Result "0-1"]
[WhiteElo "1595"]
[BlackElo "1534"]
[PlyCount "72"]
[EventDate "2023.??.??"]
[SourceDate "2023.09.13"]
[WhiteTeam "SV Erkenschwick 3"]
[BlackTeam "SV Kamen 2"]

1. d4 d5 2. c4 c6 3. Nc3 Nf6 4. Nf3 a6 5. a4 e6 6. Bg5 Be7 7. e3 Nbd7 8. Bd3 c5
9. cxd5 Nxd5 10. Bxe7 Nxe7 11. O-O cxd4 12. Nxd4 O-O 13. Rc1 Nf6 14. Qe2 e5 15.
Nf3 Nc6 16. Rfd1 Qe7 17. Ne4 Bf5 18. Nxf6+ Qxf6 19. Bxf5 Qxf5 20. Rc5 Rfe8 21.
Nd4 Nxd4 22. exd4 Qd7 23. Rxe5 Qxa4 24. Re1 Kf8 25. b3 Qc6 26. f4 Qd7 27. Qc4
Rad8 28. Qb4+ Kg8 29. Qd6 Qxd6 30. Rxe8+ Rxe8 31. Rxe8+ Qf8 32. Rxf8+ Kxf8 33.
Kf2 Ke7 34. Ke3 Kd6 35. Ke4 a5 36. g4 b5 0-1

[Event "SV Kamen 2 - SV Erkenschwick 3"]
[Site "Verbandsklasse, Gr. 2 2023/20"]
[Date "2023.09.03"]
[Round "1.8"]
[White "Köhler, Lars-Erik"]
[Black "Broszeit, Peter"]
[Result "0-1"]
[WhiteElo "1446"]
[BlackElo "1783"]
[PlyCount "56"]
[EventDate "2023.??.??"]
[SourceDate "2023.09.13"]
[WhiteTeam "SV Kamen 2"]
[BlackTeam "SV Erkenschwick 3"]

1. d4 Nf6 2. c4 c5 3. d5 b5 4. cxb5 a6 5. bxa6 Bxa6 6. Nc3 d6 7. a3 g6 8. b4
Bg7 9. b5 Bb7 10. Rb1 Qa5 11. Bd2 Qxa3 12. e4 Nbd7 13. b6 O-O 14. Nb5 Qa4 15.
Qxa4 Rxa4 16. Nc3 Rb4 17. Rxb4 cxb4 18. Na4 Nxe4 19. Bxb4 Bd4 20. Nh3 Ra8 21.
Bb5 Nxb6 22. f3 Nxa4 23. fxe4 Bc3+ 24. Bxc3 Nxc3 25. Bc6 Ra1+ 26. Kd2 Nxe4+ 27.
Ke3 Rxh1 28. Kxe4 Bc8 0-1

[Event "Günnigfeld- Gladbeck"]
[Site "?"]
[Date "2023.09.03"]
[Round "1.1"]
[White "Hassenrueck, Helmut"]
[Black "Freisen, Thomas"]
[Result "1/2-1/2"]
[WhiteElo "2123"]
[BlackElo "1960"]
[PlyCount "99"]
[SourceDate "2023.09.13"]

1. d4 Nf6 2. Nf3 g6 3. c4 Bg7 4. Nc3 O-O 5. e4 d6 6. Be2 e5 7. Be3 exd4 8. Nxd4
Re8 9. f3 c6 10. Bf2 d5 11. exd5 cxd5 12. O-O Nc6 13. c5 Bf8 14. Nxc6 bxc6 15.
b4 Nh5 16. Qd2 Bg7 17. Rac1 Qc7 18. g3 Bd7 19. Rfe1 Rad8 20. Bf1 Nf6 21. Rxe8+
Bxe8 22. Bd4 Nh5 23. Bxg7 Nxg7 24. Rd1 Rb8 25. a3 a5 26. Na4 axb4 27. axb4 Bd7
28. Nb6 Be6 29. Ra1 Ne8 30. Qd4 Ng7 31. g4 h5 32. Be2 hxg4 33. fxg4 Rd8 34. Ra3
Qe7 35. Qf4 g5 36. Qd4 Ne8 37. Rf3 f6 38. Bd3 Kg7 39. Rh3 Bg8 40. Re3 Qf7 41.
Bf5 Qc7 42. Qd2 Kf8 43. Qe2 Ng7 44. Bg6 Bf7 45. Bc2 Re8 46. Rxe8+ Bxe8 47. Qe3
Qe5 48. Qxe5 fxe5 49. b5 Ne6 50. bxc6 1/2-1/2

[Event "Günnigfeld- Gladbeck"]
[Site "?"]
[Date "2023.09.03"]
[Round "1.2"]
[White "Jaennekes, Oliver"]
[Black "Frohne, Gerd"]
[Result "1/2-1/2"]
[WhiteElo "1927"]
[BlackElo "2008"]
[PlyCount "95"]
[SourceDate "2023.09.13"]

1. e4 e6 2. d4 d5 3. Nc3 Nf6 4. e5 Nfd7 5. f4 c5 6. Be3 cxd4 7. Bxd4 Nc6 8. Nf3
f6 9. exf6 Nxf6 10. a3 Bd6 11. g3 O-O 12. Bxf6 Qxf6 13. Qd2 Qh6 14. O-O-O Rxf4
15. Bg2 Bd7 16. Kb1 Rf6 17. Ng5 Raf8 18. Nce4 dxe4 19. Nxe4 e5 20. Qxh6 Rxh6
21. Rxd6 Rxd6 22. Nxd6 Rf2 23. Bd5+ Kf8 24. Be4 g6 25. Nxb7 Ke7 26. Nc5 Be8 27.
h4 Nd4 28. c3 Nf5 29. Rg1 Re2 30. h5 Bb5 31. hxg6 hxg6 32. g4 Nh4 33. Bc2 Bc6
34. b4 g5 35. a4 Nf3 36. Rd1 Nd2+ 37. Kc1 Nf3 38. Bd3 Re3 39. Kb2 e4 40. Bc4
Ne5 41. Be6 Bxa4 42. Rh1 Nd3+ 43. Nxd3 exd3 44. Bb3 Bd7 45. Rh7+ Kd6 46. Rg7
Re2+ 47. Kc1 Bxg4 48. Rxg5 1/2-1/2

[Event "Günnigfeld- Gladbeck"]
[Site "?"]
[Date "2023.09.03"]
[Round "1.3"]
[White "Berg, Dietmar"]
[Black "Markus, Peter"]
[Result "0-1"]
[WhiteElo "1943"]
[BlackElo "1863"]
[PlyCount "72"]
[SourceDate "2023.09.13"]

1. d4 d5 2. Nf3 Nf6 3. e3 c6 4. Bd3 Bg4 5. c4 Nbd7 6. cxd5 cxd5 7. Nbd2 e6 8.
Qa4 a6 9. b4 Bd6 10. Bb2 O-O 11. O-O b5 12. Qb3 Nb6 13. Ne5 Nc4 14. Bc3 Rc8 15.
Rac1 Bxe5 16. dxe5 Nd7 17. Qb1 h6 18. Nxc4 bxc4 19. Bc2 f5 20. exf6 Nxf6 21.
Bg6 Bh5 22. Bxf6 Bxg6 23. Qxg6 Qxf6 24. Qc2 Rfd8 25. f4 e5 26. fxe5 Qxe5 27.
Rf3 Re8 28. Rd1 Rcd8 29. a4 Rb8 30. Rb1 Rf8 31. Rg3 Qe4 32. Qb2 c3 33. Qb3 c2
34. Rc1 Rxb4 35. Qc3 Rf7 36. Rxc2 Rc4 0-1

[Event "Günnigfeld- Gladbeck"]
[Site "?"]
[Date "2023.09.03"]
[Round "1.4"]
[White "Radi, Guenter"]
[Black "Kruse, Peter"]
[Result "1/2-1/2"]
[WhiteElo "1832"]
[BlackElo "1913"]
[PlyCount "107"]
[SourceDate "2023.09.13"]

1. e4 c5 2. Nc3 g6 3. Nf3 Bg7 4. Bc4 Nc6 5. a3 a6 6. d3 e6 7. O-O Nge7 8. Re1
O-O 9. Ba2 d5 10. exd5 exd5 11. Bg5 Qd6 12. h3 Be6 13. Qd2 b5 14. Bf4 Qd7 15.
Bh6 Rfe8 16. Bxg7 Kxg7 17. Qf4 f6 18. Re2 Nf5 19. Rd2 Bf7 20. Ne2 Re7 21. g4
Nd6 22. Ng3 Rae8 23. Rdd1 Ne5 24. d4 Nxf3+ 25. Qxf3 c4 26. Nf1 Ne4 27. Ne3 Ng5
28. Qg2 Be6 29. Rac1 Rg8 30. Re1 Rge8 31. c3 Rd8 32. Bb1 h6 33. f4 Nh7 34. f5
Bf7 35. Qc2 g5 36. Qd2 Qd6 37. Qf2 Rde8 38. Ng2 Nf8 39. Rxe7 Rxe7 40. Re1 Rxe1+
41. Qxe1 Nd7 42. Bc2 a5 43. Bd1 Kf8 44. Bf3 Nb6 45. Bd1 Nc8 46. Ne3 Qf4 47. Qf2
Qd6 48. Nc2 Ne7 49. Qh2 Qxh2+ 50. Kxh2 Nc6 51. Kg3 Ke7 52. Kf3 Kd6 53. Ke3 Kc7
54. Kd2 1/2-1/2

[Event "Günnigfeld- Gladbeck"]
[Site "?"]
[Date "2023.09.03"]
[Round "1.5"]
[White "Rickert, Stefan"]
[Black "Funke, Eckhard"]
[Result "1/2-1/2"]
[WhiteElo "1903"]
[BlackElo "1817"]
[PlyCount "115"]
[SourceDate "2023.09.13"]

1. e4 d5 2. exd5 Qxd5 3. d4 Nc6 4. Nf3 e5 5. Nc3 Bb4 6. Bd2 Bxc3 7. Bxc3 Bg4 8.
dxe5 Nge7 9. Qxd5 Nxd5 10. Bb5 Bxf3 11. gxf3 Ke7 12. Bxc6 bxc6 13. Bd2 Ke6 14.
c4 Nb6 15. b3 Rhe8 16. f4 f6 17. O-O-O Rad8 18. Rhg1 g6 19. Rge1 Kf5 20. exf6
Kxf6 21. Bc3+ Kf7 22. Be5 Rxd1+ 23. Kxd1 Rd8+ 24. Kc2 Rd7 25. Rd1 Ke6 26. Rxd7
Kxd7 27. Kc3 Nc8 28. Kd4 Ne7 29. Ke4 a6 30. h4 h5 31. Bf6 Nf5 32. Ke5 Nh6 33.
f3 Nf7+ 34. Kd4 Nd6 35. Kc5 Nb7+ 36. Kb4 c5+ 37. Ka4 Kc6 38. Ka3 Kd7 39. Kb2
Nd6 40. Kc3 Ke6 41. Bg5 Nf5 42. Kd3 Ng3 43. Bd8 Nf5 44. a3 Kd7 45. Bg5 Ke6 46.
b4 cxb4 47. axb4 Kd6 48. Kc3 Kc6 49. Bf6 Kd6 50. Kd3 Ke6 51. Bd8 Kd7 52. Bg5
Ke6 53. Ke4 Kd6 54. Bf6 c6 55. Kd3 Ke6 56. Bg5 Kd6 57. Kc3 Ke6 58. Kd3 1/2-1/2

[Event "Günnigfeld- Gladbeck"]
[Site "?"]
[Date "2023.09.03"]
[Round "1.6"]
[White "Kampmann, Marcel"]
[Black "Rickert, Dirk"]
[Result "1/2-1/2"]
[WhiteElo "1730"]
[BlackElo "1800"]
[PlyCount "24"]
[SourceDate "2023.09.13"]

1. Nf3 d5 2. g3 c5 3. Bg2 Nc6 4. O-O e5 5. d3 Bd6 6. Nbd2 Nge7 7. e4 d4 8. Nc4
Bc7 9. a4 O-O 10. Bd2 Ng6 11. a5 h6 12. Qe1 Be6 1/2-1/2